|
|
|
|
| LEADER |
00960nam a2200229 a 4500 |
| 001 |
GR-MES3514 |
| 008 |
991111s1979 gr 000 0 gre d |
| 040 |
|
|
|a GrPaTEI
|b gre
|c GR-PaULI
|
| 245 |
0 |
0 |
|a Ιστορική ανάλυση του αγροτικού ζητηματος στην Ελλάδα :
|b απο Φραγκοκρατίας 1267-1980
|n 1ος .
|p 1267-1827.
|
| 260 |
|
|
|a Αθήνα :
|b Λιβάνης,
|c 1979
|
| 300 |
|
|
|a 502σελ.
|
| 650 |
|
4 |
|a ΑΓΡΟΤΙΚΟ ΖΗΤΗΜΑ
|
| 650 |
|
4 |
|a Ελλάδα
|
| 650 |
|
4 |
|a ΦΡΑΓΚΟΚΡΑΤΙΑ
|
| 650 |
1 |
0 |
|a 1267-1827
|
| 650 |
1 |
0 |
|a 1267-1980
|
| 700 |
1 |
|
|a Σταυρόπουλος, Θ.
|
| 710 |
0 |
|
|a Λιβάνης
|
| 942 |
|
|
|2 ddc
|
| 952 |
|
|
|0 0
|1 0
|2 ddc
|4 0
|6 338_180000000000000_9_ΣΤΑ
|7 0
|9 268115
|a MSLG
|b MSLG
|c BSC
|d 2021-01-17
|e 24
|f 0
|g 0.00
|l 0
|o 338.180 9 ΣΤΑ
|p 2420000009298
|r 2021-01-17 00:00:00
|t 1
|w 2021-01-17
|y BK15
|x 19991111 0 1
|x GrPaTEI
|
| 971 |
|
|
|a .b25745591
|b 16-04-20
|c 13-09-16
|
| 999 |
|
|
|c 154435
|d 154435
|